2025-26 Illinois Men's Basketball Roster - Statistics

General Stats
  • This quiz has been taken 30 times
    5 since last reset
  • The average score is 12 of 15
Answer Stats
Answer % Correct
2 Andrej Stojakovic
100%
1 Brandon Lee
100%
0 David Mirkovic
100%
23 Keaton Wagler
100%
4 Kylan Boswell
100%
13 Tomislav Ivisic
100%
44 Zvonimir Ivisic
100%
5 AJ Redd
80%
3 Ben Humrichous
80%
15 Jake Davis
80%
77 Mihailo Petrovic
80%
8 Blake Fagbemi
60%
31 Jason Jakstys
60%
20 Ty Rodgers
60%
9 Toni Bilic
20%
No matching quizzes found
Score Distribution
Percent of People with Each Score
Percentile by Number Answered
Your Score History
You have not taken this quiz since the last reset